| 000 | 01086nam a22002777a 4500 | ||
|---|---|---|---|
| 001 | 0010300 | ||
| 003 | DO-SdBPM | ||
| 005 | 20250110091231.0 | ||
| 007 | 10300 | ||
| 008 | 160905b1990 sp |||| 00| 0 spa d | ||
| 020 | _a9788476582039 | ||
| 040 |
_aDO-SdBPM _bspa _cBPMSU |
||
| 082 | 4 |
_a410 _bH919s 1990 _222 |
|
| 092 |
_axxxxxxx _bxxxxxxx |
||
| 100 | 1 |
_aHumboldt, Wilheim Von _d1767-1835 |
|
| 245 | 1 | 0 |
_aSobre la diversidad de la estructura del lenguaje humano y su influencia sobre el desarrollo espiritual de la humanidad / _cWilhelm Von Humboldt ; traducción y prólogo Ana Agud |
| 260 |
_aBarcelona : _bMinisterio de Educación y Ciencia, _c1990. |
||
| 300 |
_a435 p. ; _c20 cm. |
||
| 490 | 0 |
_aTextos y temas ; _aLingüística, _v1 |
|
| 534 |
_pTítulo original. _tÜber die verschiedenheit des menschlichen sprachbaues und ihren einfluss auf die geistige entwickelung des menschengeschlechts. _a |
||
| 590 | _aInventariado, 2025/VM | ||
| 650 | 4 | _aLenguaje y lenguas. | |
| 700 | 1 |
_aAgud, Ana, _etraductora |
|
| 910 | _aVMateo V. Control de calidad. BPMSU | ||
| 942 |
_2ddc _cBK |
||
| 999 |
_c11325 _d11325 |
||